00320nam a2200121Ia 4500100002400000650002700024654002900051245005200080260003500132082001100167300000800178546001200186 aConway/ R. & other  aElectrical Engineering aIntro. to microprocessor aIntro. to microprocessor programming using PLZ. bWinthrop Pub.aCambridgec1979 a1.6424 a593 aENGLISH